| 000 | 00581nam a2200181 a 4500 | ||
|---|---|---|---|
| 001 | 000344050 | ||
| 003 | AM-YeHGA | ||
| 005 | 20250617131147.0 | ||
| 008 | 040616s1984 ||| r 000 0 rus d | ||
| 040 | _aAM-YeHGA | ||
| 041 | 0 | _arus | |
| 100 | 1 | _aХатунцев, Николай Борисович | |
| 245 | 1 | 0 |
_aСвет : _bСтихи / _cНиколай Хатунцев; Худож. А. Шыхалиев. |
| 260 |
_aБаку : _bЯзычы, _c1984. |
||
| 300 |
_a112 с. _bпортр., ил. |
||
| 653 | 0 | _aРусская советская поэзия | |
| 090 | _c132236 | ||
| 999 |
_c130870 _d130870 |
||